000 01378naa a22003377a 4500
001 BR8002966
003 BR-BrBNA
005 20250716093234.0
007 ta
008 250630b bl.|||m| |||| 00| 0 por d
040 _aBR-BrBNA
_bpor
_cBiblioteca Nacional de Agricultura
041 _a(Pt)
072 _aH10; H20; L20
_b4050
_b0230
_bG514
090 _aH10 BR8002966
100 1 _aCarneiro, R.M.D.G.
100 1 _aLordello, L.G.E.
100 1 _aCarneiro, R.G.
100 1 _aMonteiro, A.R.
111 1 _a4. Reuniao Brasileira de Nematologia
_cSao Paulo, SP (Brazil)
_d16 Jul 1979
245 1 _aFlutuacao populacional de quatro especies de nematoides parasitos da cana-de-acucar (Saccharum officinarum L.)em relacao a pluviosidade e umidade do solo [Brasil]
500 _aTrabalhos apresentados a 4. Reuniao Brasileira de Nematologia Piracicaba, SP (Brasil): 1980. p. 127-141 [5 ref.; Summaries (En, Pt); 8 illus.] (BR8002966-AMS)
773 0 _tTrabalhos apresentados a 4. Reuniao Brasileira de Nematologia
_wH10 BR8002966
_gPiracicaba, SP (Brasil), 1980. p. 127-141
650 _aPraga de planta
650 _aDoenca de planta
650 _aEcologia animal
650 _aNematoide
650 _aCana de acucar
490 _aPublicacao - Sociedade Brasileira de Nematologia (Brazil)
_vno. 4
942 _cAMS
_2AGRIS
909 _a202506
_bLúcia
_c55
_dLúcia Elande
999 _c333542
_d333542